Precursores de la pintura chilena

Saved in:
Bibliografiske detaljer
Hovedforfatter: Solanich Sotomayor, Enrique (Author)
Institution som forfatter: Chile, Ministerio de Educación Pública (Author)
Format: Bog
Sprog:spansk
Udgivet: Santiago Ministerio de Educación, Dpto. de Extensión Cultural 1978
Serier:El patrimonio cultural chileno, libro 2
Fag:
Tags: Tilføj Tag
Ingen Tags, Vær først til at tagge denne postø!

MARC

LEADER 00000nam a2200000 a 4500
001 UCY2911
003 CL-VaPUC
008 941129e19780000CL |||||||||||||||||spa|d
082 0 4 |a 759.983  |b SOL  |2 21 
100 0 |a Solanich Sotomayor, Enrique  |e author  |9 331075 
110 2 |a Chile, Ministerio de Educación Pública  |e author  |9 331076 
245 1 0 |a Precursores de la pintura chilena 
300 |a 58 p 
942 |c BK 
945 |d 19941129 00:00:00  |a aalvarez 
260 |a Santiago  |b Ministerio de Educación, Dpto. de Extensión Cultural  |c 1978 
650 7 |a PINTORES SIGLO 19  |2 CL-VaPUC  |9 268351 
650 0 |a Pintura chilena Siglo 19  |9 331077 
651 7 |a CHILE  |2 CL-VaPUC  |9 331078 
583 |a last modification  |c 19941129 00:00:00  |k Rodrigo Vera 
490 0 |a El patrimonio cultural chileno, libro 2 
999 |c 231185  |d 231183 
952 |0 0  |1 0  |4 0  |6 759_983000000000000_SOL_1978  |7 0  |8 P  |9 234057  |a BIBEDU  |b BIBEDU  |c BIBEDU_PB  |d 2019-11-15  |i 3026639  |o 759.983 SOL 1978  |p 3026639  |r 2024-01-25  |w 2019-11-15  |y BK  |k EDU